Je voudrais déjà être roi parole - Statistiques

Statistiques générales
  • Ce quiz a été pris 157 fois
  • Le résultat moyen est 189 sur 252
Statistiques - réponses
Hint Réponse % Correct
79 D'
98%
157 d'
98%
9 | 22 | 74 | +2 others roi
98%
58 | 193 | 243 | +2 others roi.
98%
26 | 96 | 127 | +2 others de
97%
89 | 214 et
97%
94 j'
97%
28 | 54 | 129 | +5 others Je
97%
82 | 120 je
97%
85 je...
97%
174 | 197 | 206 l'
97%
55 | 190 | 240 | +2 others voudrais
97%
1 | 13 | 219 C'
96%
5 | 98 c'
96%
65 | 147 | 196 | 205 à
95%
152 a
95%
2 | 6 | 14 | +3 others est
95%
99 est...
95%
207 est.
95%
57 | 192 | 242 | +2 others être
95%
56 | 191 | 241 | +2 others déjà
94%
21 | 43 | 62 un
94%
24 si
93%
162 Si
93%
8 | 235 le
92%
149 Le
92%
10 | 52 du
91%
36 | 125 | 158 | 221 une
91%
15 | 32 | 164 | +4 others la
90%
151 n'
90%
19 | 75 | 143 on
90%
18 | 142 qu'
89%
23 | 167 avec
88%
34 | 155 des
88%
3 | 7 moi
88%
25 peu
88%
39 En
87%
4 Simba,
87%
233 Simba
87%
49 | 184 te
86%
48 | 76 | 101 | 183 ne
85%
51 | 103 | 186 pas
85%
78 pas.
85%
217 Pas
85%
11 royaume
85%
47 | 108 | 163 tu
85%
59 | 69 Tu
85%
12 animal.
84%
27 poils.
83%
31 dans
82%
17 fois
82%
138 grand
82%
16 première
82%
30 | 66 | 131 | 154 faire
81%
20 voit
81%
29 vais
80%
121 vais.
80%
33 cour
79%
35 grands
78%
210 Mon
78%
93 | 107 | 153 que
78%
37 entrée
77%
45 bestial.
76%
119
76%
44 rugissement
76%
41 très
76%
38 triomphale.
76%
92 | 122 Ce
75%
132 ce
75%
105 | 136 Il
73%
46 Majesté,
73%
40 poussant
72%
71 | 134 me
71%
42 royalement,
71%
160 corneille.
70%
133 | 223 qui
69%
91 | 113 toi.
68%
50 mouches
67%
116 Sans
67%
212 | 215 sans
67%
87 ta
67%
73 Au
66%
201 | 226 au
66%
156 conseils
66%
53 coude.
66%
177 ferme
66%
165 monarchie
66%
130 veux
66%
179 boutique.
65%
159 vieille
65%
67 | 140 votre
65%
84 ça,
64%
104 ça.
64%
169 tyrannie.
64%
173 adieu
63%
77 dit
63%
135 plait.
63%
175 Afrique.
62%
164 confonds
62%
60 as
61%
146 coeur
61%
148 coeur.
61%
141 grandeur
61%
228 Les
61%
144 parle
61%
139 temps
61%
198 ouest.
60%
90 tais
59%
123 | 182 lion
58%
172 république
58%
170 Vive
58%
102 fais
57%
195 | 204 bien
56%
117 jamais
55%
97 | 118 dire
53%
88 langue
53%
61 encore
51%
218 encore.
51%
194 | 203 Regardez
51%
86 Tiens
51%
185 trompe
51%
238 soleil.
50%
188 voie.
50%
236 nouveau
49%
180 Prends
49%
181 garde
48%
126 tête
48%
128 mule.
47%
234 sera
46%
216 frontières.
44%
70 peux
44%
64 chemin
43%
227 ciel.
43%
229 animaux
42%
63 long
42%
232 nouvelle.
42%
211 pouvoir
42%
225 jusqu'
41%
213 conteste
39%
83 dis
39%
111 ici,
39%
115 ici.
39%
95 essaie
38%
224 monte
38%
110 Reste
38%
68 altesse.
36%
230 répandent
35%
112 assieds
34%
72 croire.
34%
106 faut
34%
80 ailleurs
33%
208 Non,
33%
209 non.
33%
81 quand
29%
222 rumeur
25%
100 Surtout
25%
202 secours
24%
199 Oh
23%
200 pitié,
19%
109 comprennes...
14%
114 Restez
10%
Aucun quiz correspondant
Distribution des résultats
% des personnes avec chaque résultat
Percentile par nombre de réponses
Votre historique - résultats
Vous n’avez pas pris ce quiz